00888nam a2200241 4500999001500000001000600015003000900021005001700030008004100047020002700088020002500115040002800140082001600168245008500184260006400269300003300333504006400366600001500430700001900445700002000464942001200484952015000496 c8475d847522135BD-DhUAP20240321120225.0240321b19961999-uk |||| |||| 001 0deng d a0521460255 (hardcover) a9780521465915 (pbk.) aDLCcDLCdBD-DhUAPbeng00a192 WIT22004aThe Cambridge companion to Wittgenstein /cedited by Hans Sluga, David G. Stern. aCambridge ;aNew York :bCambridge University Press,c1996. aix, 509 p. :bill. ;c23 cm. aIncludes bibliographical references (p. 477-495) and index.10d1889-1951.1 aSluga, Hans D.1 aStern, David G. 2ddccBK 00102ddc4070aUAPCLbUAPCLcGeneral Stacksd2024-03-21l1o192 WITp3010022135q2026-05-17r2026-05-03s2026-05-03t1v3022.00w2024-03-21yBK